BIBLIOTECA “JULIO CORTÁZAR”
ESCUELA AGROTÉCNICA “LIBERTADOR GENERAL SAN MARTÍN” - UNR – CASILDA

Logo Escuela Logo UNR

Geografía : (Record no. 801)

MARC details
000 -LEADER
campo de control de longitud fija 01200nam#a22004215a#4500
001 - NÚMERO DE CONTROL
campo de control 801
008 - DATOS DE LONGITUD FIJA--INFORMACIÓN GENERAL
campo de control de longitud fija 081209s2007####ag#a###d#f####001#0#spa#d
080 ## - NÚMERO DE LA CLASIFICACIÓN DECIMAL UNIVERSAL
Número de la Clasificación Decimal Universal 911.2
084 ## - OTRO NÚMERO DE CLASIFICACIÓN
Número de clasificación E 19
035 ## - NÚMERO DE CONTROL DEL SISTEMA
Número de control de sistema Ger
005 - FECHA Y HORA DE LA ÚLTIMA TRANSACCIÓN
campo de control 20241107184648.0
003 - IDENTIFICADOR DE NÚMERO DE CONTROL
campo de control AR-ClEAG
100 1# - ENTRADA PRINCIPAL--NOMBRE DE PERSONA
Nombre de persona Echeverría, María Julia.
245 10 - MENCIÓN DEL TÍTULO
Título Geografía :
Resto del título Dinámica ambiental. La organización de los espacios urbanos u rurales /
Mención de responsabilidad, etc. María Julia Echeverría, Silvia María Capuz.
250 ## - MENCION DE EDICION
Mención de edición 1ª ed.
260 ## - PUBLICACIÓN, DISTRIBUCIÓN, ETC.
Lugar de publicación, distribución, etc. Buenos Aires :
Nombre del editor, distribuidor, etc. A-Z,
Fecha de publicación, distribución, etc. 2007.
300 ## - DESCRIPCIÓN FÍSICA
Extensión 271 p. :
Otras características físicas il. ;
Dimensiones 27 cm.
653 ## - TÉRMINO DE INDIZACIÓN--NO CONTROLADO
Término no controlado Litosfera
653 ## - TÉRMINO DE INDIZACIÓN--NO CONTROLADO
Término no controlado Hidrósfera
653 ## - TÉRMINO DE INDIZACIÓN--NO CONTROLADO
Término no controlado Atmósfera
653 ## - TÉRMINO DE INDIZACIÓN--NO CONTROLADO
Término no controlado Tipos de clima
653 ## - TÉRMINO DE INDIZACIÓN--NO CONTROLADO
Término no controlado Presión atmosférica
653 ## - TÉRMINO DE INDIZACIÓN--NO CONTROLADO
Término no controlado Aguas marinas
653 ## - TÉRMINO DE INDIZACIÓN--NO CONTROLADO
Término no controlado Vientos
653 ## - TÉRMINO DE INDIZACIÓN--NO CONTROLADO
Término no controlado Temperatura
653 ## - TÉRMINO DE INDIZACIÓN--NO CONTROLADO
Término no controlado Biosfera
653 ## - TÉRMINO DE INDIZACIÓN--NO CONTROLADO
Término no controlado Distribución geográfica
653 ## - TÉRMINO DE INDIZACIÓN--NO CONTROLADO
Término no controlado Placas terrestres
653 ## - TÉRMINO DE INDIZACIÓN--NO CONTROLADO
Término no controlado División política Argentina
653 ## - TÉRMINO DE INDIZACIÓN--NO CONTROLADO
Término no controlado Tundra
653 ## - TÉRMINO DE INDIZACIÓN--NO CONTROLADO
Término no controlado Proceso productivo del café
653 ## - TÉRMINO DE INDIZACIÓN--NO CONTROLADO
Término no controlado Biotecnología
653 ## - TÉRMINO DE INDIZACIÓN--NO CONTROLADO
Término no controlado Proceso productivo de lana
653 ## - TÉRMINO DE INDIZACIÓN--NO CONTROLADO
Término no controlado Procesos producctivos de leche
653 ## - TÉRMINO DE INDIZACIÓN--NO CONTROLADO
Término no controlado Sistemas agropecuarios
700 1# - ENTRADA AGREGADA--NOMBRE PERSONAL
Nombre de persona Capuz, Silvia María.
942 ## - ELEMENTOS DE ENTRADA SECUNDARIOS (KOHA)
Tipo de ítem Koha Libros
980 ## - EQUIVALENCIA O REFERENCIA-CRUZADA-MENCIÓN DE SERIE--NOMBRE DE PERSONA/TÍTULO [LOCAL, CANADÁ]
Enlace 2
Nombre de persona Evangelina Gallicchio
Enlace entre campo y número de secuencia 2
Información miscelánea Evangelina Gallicchio
Holdings
Estatus retirado Estado de pérdida Fuente del sistema de clasificación o colocación Estado de daño No para préstamo Biblioteca de origen Biblioteca actual Ubicación en estantería Fecha de adquisición Número de inventario Total de préstamos Signatura topográfica completa Código de barras Visto por última vez Precio de reemplazo Tipo de ítem Koha
    Clasificación decimal universal     Julio Cortázar Julio Cortázar   07/11/2024 3578   R7 911.2 E 19 1 Ej.1 3578 07/11/2024 07/11/2024 Libros

Contacto

Biblioteca Julio Cortázar. Escuela Agrotécnica "Libertador San Martín". Universidad Nacional de Rosario
Dirección: Ov. Lagos 1000 - 2170 Casilda - Santa Fe - Argentina
Tel: (54) (03464) 422226.
Fax: (54) (03464) 427789.
E-Mail: biblio-eac@unr.edu.ar